000 00473nam a2200181Ia 4500
008 140306s9999 xx 000 0 und d
020 _a8185475431
041 _aeng
082 _a338.04
_bGAN/EN
100 _aGangadhara, Rao M
245 _aEntreprenurship and tenrepreneuria development
260 _aNew Delhi
_bKalyani Publishers
_c1992
300 _a332
365 _bRs.350
650 _aSmall industries
650 _aWomen entrepreneurs
942 _2ddc
_cBK
999 _c184128
_d184128